Learning English as a foreign language for dummies / (رقم التسجيلة. 40391)

تفاصيل مارك
000 -الفاتح
حقل البيانات ثابتة الطول 02315cam a2200385 a 4500
001 - رقم الضبط
رقم الضبط 17316719
003 - محدد رقم الضبط
رقم الضبط OSt
005 - وقت وتاريخ اخر تعامل مع التسجيلة
رقم الضبط 20170803192847.0
008 - عناصر البيانات ثابتة الطول - معلومات عامة
حقل البيانات ثابتة الطول 120524s2010 enka 001 0 eng c
010 ## - رقم ضبط مكتبة الكونجرس
رقم ضبط مكتبة الكونجرس 2012376705
015 ## - رقم الببليوجرافية الوطنية
رقم الببليوجرافية الوطنية GBA990976
المصدر bnb
016 7# - رقم ضبط الوكاله الوطنية للضبط الببليوجرافي
رقم ضبط التسجيلة 015371261
المصدر Uk
020 ## - الرقم الدولى المعيارى للكتب
الرقم الدولى المعيارى للكتاب 9780470747476 (pbk. : with audio CD)
020 ## - الرقم الدولى المعيارى للكتب
الرقم الدولى المعيارى للكتاب 0470747471 (pbk. : with audio CD)
035 ## - رقم ضبط النظام
رقم ضبط النظام (OCoLC)ocn437082962
040 ## - مصدر الفهرسة
وكالة الفهرسة الأصلية UKM
وكالة النسخ UKM
وكالة التعديل TXA
-- UKMGB
-- YDXCP
-- BDX
-- DLC
042 ## - رمز التحقق
رمز التحقق pcc
050 00 - رقم طلب مكتبة الكونجرس
رقم التصنيف PE1128
رقم المادة .D787 2010
082 ## - رقم تصنيف ديوى العشرى
رقم الطبعة 23
رقم التصنيف DGL
رقم المادة 420
100 1# - المدخل الرئيسى - إسم شخصى
الإسم الشخصى Dudeney, Gavin,
التواريخ المصاحبة للاسم 1964-
9 (RLIN) 45441
245 10 - بيان العنوان
العنوان Learning English as a foreign language for dummies /
بيان المسئوليه,etc by Gavin Dudeney and Nicky Hockly.
260 ## - PUBLICATION, DISTRIBUTION, ETC. (IMPRINT)
مكان الناشر او الموزع Chichester, West Sussex, England :
اسم الناشر او الموزع John Wiley & Sons,
تاريخ النشر أو التوزيع c2010.
300 ## - الوصف المادى
التعداد xvii, 346 p. :
تفاصيل ماديه اخرى للوعاء ill. ;
أبعاد الوعاء 23 cm. +
المادة المصاحبة 1 sound disc (digital ; 4 3/4 in.)
490 0# - بيان السلسلة
عنوان السلسلة For dummies
500 ## - تبصرة عامة
تبصرة عامة Includes index.
500 ## - تبصرة عامة
تبصرة عامة "The companion audio CD is packed with over 50 dialogues in English, to help you use your skills in a variety of common situations."--Cover, p. 4.
505 0# - تبصرة محتويات-الفهرس
تبصرة المحتويات المصاغة Chapter 1. You already know a little English -- Chapter 2. Basic English grammar -- Chapter 3. Getting to know people -- Chapter 4. Shopping and numbers -- Chapter 5. Eating in and out -- Chapter 6. Out on the town -- Chapter 7. Hobbies and free time -- Chapter 8. Talking on the phone -- Chapter 9. At the office and around the house -- Chapter 10. Written English -- Chapter 11. Money, money, money -- Chapter 12. Finding a place to stay -- Chapter 13. On the move -- Chapter 14. Handling emergencies -- Chapter 15. Ten ways to learn -- Chapter 16. Ten favourite English expressions -- Chapter 17. Ten (actually 11) holidays -- Chapter 18. Ten phrases that make you sound fluent in English -- Appendix A. Phrasal verbs -- Appendix B. Common and irregular verbs -- Appendix C. On the CD.
650 #0 - المدخل الاضافى بالموضوع-مصطلح موضوعى
مصطلح موضوعي أو اسم جغرافي كعنصر مدخل English language
التقسيم الفرعي الشكلي Textbooks for foreign speakers.
9 (RLIN) 58396
650 #0 - المدخل الاضافى بالموضوع-مصطلح موضوعى
مصطلح موضوعي أو اسم جغرافي كعنصر مدخل English language
التقسيم الفرعي العام Spoken English.
9 (RLIN) 58397
650 #0 - المدخل الاضافى بالموضوع-مصطلح موضوعى
مصطلح موضوعي أو اسم جغرافي كعنصر مدخل English language
التقسيم الفرعي الشكلي Sound recordings for foreign speakers.
9 (RLIN) 10919
700 1# - المدخل الاضافى - اسم شخصى
الإسم الشخصى Hockly, Nicky.
9 (RLIN) 45444
906 ## - عنصر بيانات محلى F, LDF (RLIN)
a 7
b cbc
c pccadap
d 2
e ncip
f 20
g y-gencatlg
942 ## - عناصر المدخل الإضافي( كوها)
مصدر التصنيف او مخطط الترفيف Dewey Decimal Classification
Koha [default] item type كتاب
المقتنيات
حالة الفقد نموذج السعر الفعال حالة تلف ليس للاعارة رقم الطلب تاريخ الاكتساب الموقع الحالي الباركود الفرع الرئيسي Date last seen نوع المادة فى نظام كوها مصدر التصنيف او خطة الترفيف Total Checkouts
  2017-08-03     DGL 420 2017-08-03 المكتبة المركزية بالمجمعة (CL) 00656053 المكتبة المركزية بالمجمعة (CL) 2017-08-03 كتاب Dewey Decimal Classification  
  2017-08-03     DGL 420 2017-08-03 المكتبة المركزية بالمجمعة (CL) 00656054 المكتبة المركزية بالمجمعة (CL) 2017-08-03 كتاب Dewey Decimal Classification  
  2017-08-03     DGL 420 2017-08-03 المكتبة المركزية بالمجمعة (CL) 00656055 المكتبة المركزية بالمجمعة (CL) 2017-08-03 كتاب Dewey Decimal Classification  
  2017-08-04     DGL 420 2017-08-04 مكتبة كلية العلوم و الدراسات الإنسانية برماح - طالبات (SRF) 00656585 مكتبة كلية العلوم و الدراسات الإنسانية برماح - طالبات (SRF) 2017-08-04 كتاب Dewey Decimal Classification  
  2017-08-04     DGL 420 2017-08-04 مكتبة كلية العلوم و الدراسات الإنسانية برماح - طالبات (SRF) 00656586 مكتبة كلية العلوم و الدراسات الإنسانية برماح - طالبات (SRF) 2017-08-04 كتاب Dewey Decimal Classification  
  2017-08-04     DGL 420 2017-08-04 مكتبة كلية العلوم و الدراسات الإنسانية برماح - طلاب (SRM) 00656587 مكتبة كلية العلوم و الدراسات الإنسانية برماح - طلاب (SRM) 2017-08-04 كتاب Dewey Decimal Classification  
  2017-08-04     DGL 420 2017-08-04 مكتبة كلية العلوم و الدراسات الإنسانية برماح - طلاب (SRM) 00656588 مكتبة كلية العلوم و الدراسات الإنسانية برماح - طلاب (SRM) 2017-08-04 كتاب Dewey Decimal Classification